000 00771nam a2200277Ia 4500
001 Z_1628
003 CHAP
008 220113s1990 xx 000 0 und d
010 _a164715
040 _cCHAP
082 _a636.20982 R8
100 _aRuíz, Manuel E ,ed
_9138792
245 _aNutrición de rumiantes : guía metodológica de investigación /
_cpor Manuel E. Ruíz y Arnoldo Ruíz
260 _aSan José, C.R :
_bIICA,
_c1990
300 _a344 P
440 _a
500 _a
503 _a
650 _aRumiantes
_xNutrición I. Instituto Interamericano de Cooperación para la Agricultura II. Ruíz, Arnoldo III. t.
_9138793
901 _a636.20982 R8
902 _aA
910 _a1990
942 _c1
942 _cc1
999 _c164715
_d164715